Sensitive topics and document design: a critical discourse analysis of the rape, abuse & incest national network web site

Saved in:  
Bibliographic Details
Main Author: Franklin, Adrienne K. (Author)
Format: Print Book
Language:English
Published: 2007
In:Year: 2007
Check availability: HBZ Gateway
Subito Delivery Service: Order now.
Keywords:

MARC

LEADER 00000cam a2200000 c 4500
001 1346464502
003 DE-627
005 20220527130822.0
007 tu
008 080122s2007 xx ||||| m 00| ||eng c
024 8 |a 3263698  |q Order no. 
035 |a (DE-627)1346464502 
035 |a (DE-576)276464508 
035 |a (DE-599)BSZ276464508 
040 |a DE-627  |b ger  |c DE-627  |e rakwb 
041 |a eng 
100 1 |a Franklin, Adrienne K.  |4 aut 
245 1 0 |a Sensitive topics and document design  |b a critical discourse analysis of the rape, abuse & incest national network web site  |c Adrienne K. Franklin 
264 1 |c 2007 
300 |a VIII, 142 S. 
336 |a Text  |b txt  |2 rdacontent 
337 |a ohne Hilfsmittel zu benutzen  |b n  |2 rdamedia 
338 |a Band  |b nc  |2 rdacarrier 
502 |a Memphis, Univ., Diss., 2007 
583 1 |a Archivierung prüfen  |c 20200919  |f DE-640  |z 1  |2 pdager 
655 7 |a Hochschulschrift  |0 (DE-588)4113937-9  |0 (DE-627)105825778  |0 (DE-576)209480580  |2 gnd-content 
751 |a Memphis, Tenn.  |0 (DE-588)4115092-2  |0 (DE-627)105817007  |0 (DE-576)209490314  |4 uvp 
935 |a mkri 
951 |a BO 
ELC |b 1 
LOK |0 000 xxxxxcx a22 zn 4500 
LOK |0 001 2561160173 
LOK |0 003 DE-627 
LOK |0 004 1346464502 
LOK |0 005 20080122123744 
LOK |0 008 080122||||||||||||||||ger||||||| 
LOK |0 040   |a DE-Frei85  |c DE-627  |d DE-Frei85 
LOK |0 852   |z Kopie, erschienen im Verlag Univ. Microfilms Internat., Ann Arbor, 2007 
LOK |0 852   |a DE-Frei85 
LOK |0 852 1  |m p  |9 00 
LOK |0 938   |k p 
LOK |0 939   |a 22-01-08  |b l01 
ORI |a SA-MARC-krimdoka001.raw